000
00348nam a2200169Ia 4500
100
_a
Pogue/David
650
_a
Windows 8
942
_c
BK
366
_f
20
654
_a
windows 8
245
_a
Windows 8:The missing manual
260
_b
Oreilly
_c
2013
082
_a
5.43
_b
POG
300
_a
905
546
_a
ENGLISH
_c
Computers
999
_c
24399
_d
24399